Statistics for Top 10 Richest Landlocked Countries

Click here to take the quiz!

General Stats

  • This quiz has been taken 1,200 times
    (1,180 since last reset)
  • The average score is 9 of 10

Answer Stats

GDP Per CapitaCountry% Correct
$60,661Switzerland
96%
$108,918Luxembourg
95%
$131,269Liechtenstein
94%
$49,502Austria
93%
$34,719Czech Republic
88%
$43,227Andorra
87%
$62,665San Marino
86%
$29,241Hungary
84%
$32,955Slovakia
84%
$25,959 (In Asia)Kazakhstan
60%

Score Distribution

Percentile by Number Answered

Percent of People with Each Score

Your Score History

You have not taken this quiz since the last reset